[Event "Oberliga Baden 1819"]
[Site "Baden"]
[Date "2018.11.11"]
[Round "2.4"]
[White "Sieglen, Joachim"]
[Black "Markert, Malte"]
[Result "1-0"]
[WhiteElo "2208"]
[BlackElo "2345"]
[PlyCount "115"]
[EventDate "2018.10.21"]
[EventType "team-tourn"]
[EventRounds "9"]
[EventCountry "GER"]
[SourceTitle "EXT 2020"]
[Source "ChessBase"]
[SourceDate "2019.10.17"]
[SourceVersion "1"]
[SourceVersionDate "2019.10.17"]
[SourceQuality "1"]
[WhiteTeam "Untergrombach"]
[BlackTeam "Viernheim II"]
[WhiteTeamCountry "GER"]
[BlackTeamCountry "GER"]

1. d4 d5 2. c4 e6 3. Nf3 c6 4. g3 Nf6 5. Bg2 dxc4 6. Ne5 b5 7. Nxc6 Qb6 8. Na5 Nd5 9. Bd2 Qxd4 10. Nc3 Bd7 11. 0-0 a6 12. Nxd5 exd5 13. Bc3 Qxd1 14. Rfxd1 Ra7 15. Bxd5 Be6 16. Bd4 Rd7 17. Bf3 Bd5 18. Bg4 Be6 19. Bxe6 fxe6 20. Be5 Bb4 21. Rxd7 Kxd7 22. Rd1+ Ke7 23. Bxg7 Rc8 24. Bc3 Bxc3 25. bxc3 Rc7 26. a4 Rc5 27. axb5 axb5 28. e4 Na6 29. Nb7 Rc7 30. Na5 Nc5 31. Rb1 Nxe4 32. Rxb5 Nxc3 33. Rb4 Rc5 34. Nxc4 Nd5 35. Ra4 Nc3 36. Ra7+ Kf6 37. Ne3 h5 38. Kg2 Nd5 39. Ra3 Nxe3+ 40. Rxe3 Rc4 41. h4 Kf5 42. Rf3+ Kg6 43. Rf8 Rc5 44. Ra8 Rb5 45. Kf3 Kf6 46. Rf8+ Kg7 47. Rf4 Kg6 48. Kg2 Rb2 49. Kh3 Rb3 50. Rf8 Kg7 51. Re8 Kf7 52. Rh8 Rb5 53. Rc8 Kf6 54. Rg8 Ra5 55. f4 Rf5 56. Kg2 Ra5 57. Rg5 e5 58. Kh3 1-0

[Event "Verbandsliga Nordbaden 1718"]
[Site "Baden"]
[Date "2017.10.08"]
[Round "1.3"]
[White "Beer, Markus"]
[Black "Markert, Malte"]
[Result "1/2-1/2"]
[WhiteElo "2105"]
[BlackElo "2345"]
[PlyCount "159"]
[EventDate "2017.10.08"]
[EventType "team-tourn"]
[EventRounds "9"]
[EventCountry "GER"]
[SourceTitle "EXT 2019"]
[Source "ChessBase"]
[SourceDate "2018.10.10"]
[SourceVersion "1"]
[SourceVersionDate "2018.10.10"]
[SourceQuality "1"]
[WhiteTeam "Eppingen II"]
[BlackTeam "Viernheim II"]
[WhiteTeamCountry "GER"]
[BlackTeamCountry "GER"]

1. e4 e5 2. Nf3 Nc6 3. Bb5 a6 4. Bxc6 dxc6 5. 0-0 Qf6 6. d4 exd4 7. Bg5 Qd6 8. Nxd4 c5 9. Ne2 Qxd1 10. Rxd1 Bd7 11. Nbc3 Ne7 12. Rd2 f6 13. Rad1 Be6 14. Be3 b6 15. Nf4 Bf7 16. Nfd5 Nxd5 17. Nxd5 Bxd5 18. Rxd5 Bd6 19. c4 Kf7 20. f3 g6 21. b4 cxb4 22. Bxb6 Rhe8 23. Ba5 Re5 24. Rxe5 fxe5 25. Kf1 Ke6 26. c5 Bxc5 27. Bxc7 Rc8 28. Ba5 Bd6 29. Rd2 Rc1+ 30. Ke2 Rb1 31. Kd3 Bc5 32. Kc2 Rg1 33. h3 h5 34. Kb3 g5 35. Rc2 Bd6 36. Kc4 Rb1 37. Bd8 g4 38. hxg4 hxg4 39. fxg4 Rd1 40. Bb6 Rf1 41. g5 Rf4 42. Re2 Rf8 43. Kb3 Rb8 44. Ba5 Rg8 45. Ka4 Rxg5 46. Bxb4 Rg3 47. Rc2 Bxb4 48. Kxb4 Re3 49. Rc4 Re2 50. a4 Rxg2 51. Ka5 Kd6 52. Kxa6 Rb2 53. Ka5 Rb8 54. Rb4 Ra8+ 55. Kb5 Rb8+ 56. Kc4 Ra8 57. Kd3 Ra7 58. Kc3 Ra8 59. Rc4 Ra7 60. Kb3 Rb7+ 61. Rb4 Rh7 62. Rc4 Rb7+ 63. Kc3 Ra7 64. Rb4 Ra8 65. Kb3 Rh8 66. Rc4 Rb8+ 67. Ka3 Ra8 68. Kb2 Rb8+ 69. Kc2 Ra8 70. Kd2 Rb8 71. a5 Ra8 72. Ra4 Kc5 73. Kc3 Ra6 74. Ra2 Kb5 75. Kb3 Rh6 76. Rd2 Rh3+ 77. Kc2 Kxa5 78. Rd5+ Kb4 79. Rxe5 Kc4 80. Rd5 1/2-1/2

[Event "BL2-Sued 1617"]
[Site "Germany"]
[Date "2017.02.19"]
[Round "6.7"]
[White "Buermann, Jan"]
[Black "Markert, Malte"]
[Result "0-1"]
[WhiteElo "2106"]
[BlackElo "2341"]
[PlyCount "74"]
[EventDate "2016.10.16"]
[EventType "team-tourn"]
[EventRounds "9"]
[EventCountry "GER"]
[SourceTitle "EXT 2018"]
[Source "ChessBase"]
[SourceDate "2017.10.13"]
[SourceVersion "1"]
[SourceVersionDate "2017.10.13"]
[SourceQuality "1"]
[WhiteTeam "Schwarzenbach"]
[BlackTeam "Viernheim"]
[WhiteTeamCountry "GER"]
[BlackTeamCountry "GER"]

1. d4 Nf6 2. c4 g6 3. Nc3 d5 4. cxd5 Nxd5 5. e4 Nxc3 6. bxc3 Bg7 7. Be3 0-0 8. Qd2 e5 9. d5 f5 10. Bc5 Re8 11. Bc4 Nd7 12. Ba3 Qh4 13. Qe2 Nb6 14. Bd3 fxe4 15. Qxe4 Qd8 16. Bb5 Bf5 17. Qe2 c6 18. dxc6 bxc6 19. Rd1 Qf6 20. Rd6 Re6 21. Bc4 Nxc4 22. Qxc4 Bf8 23. Rxe6 Bxe6 24. Qa4 Rb8 25. Ne2 Bxa3 26. Qxa3 Rb1+ 27. Nc1 Bc4 28. f3 Qh4+ 29. g3 Qh3 30. Kf2 Qf5 31. Re1 Qc2+ 32. Kg1 Rb2 33. Ne2 Qd2 34. Qe7 Qxe1+ 35. Kg2 Qxe2+ 36. Kh3 Qxh2+ 37. Kg4 Qh5# 0-1

[Event "Verbandsliga Nordbaden 1617"]
[Site "Baden"]
[Date "2016.11.20"]
[Round "3.3"]
[White "Muetsch, Annmarie"]
[Black "Markert, Malte"]
[Result "1/2-1/2"]
[WhiteElo "2140"]
[BlackElo "2341"]
[PlyCount "131"]
[EventDate "2016.10.09"]
[EventType "team-tourn"]
[EventRounds "9"]
[EventCountry "GER"]
[SourceTitle "EXT 2022"]
[Source "ChessBase"]
[SourceDate "2021.10.06"]
[SourceVersion "1"]
[SourceVersionDate "2021.10.06"]
[SourceQuality "1"]
[WhiteTeam "Eppingen II"]
[BlackTeam "Viernheim II"]
[WhiteTeamCountry "GER"]
[BlackTeamCountry "GER"]

1. e4 c5 2. Nf3 e6 3. d4 cxd4 4. Nxd4 Nc6 5. Nc3 a6 6. f4 Qc7 7. Nxc6 dxc6 8. a4 e5 9. Bc4 Bc5 10. Qf3 Nf6 11. f5 b6 12. Be3 Bxe3 13. Qxe3 Bb7 14. g4 h6 15. Be2 0-0-0 16. Bf3 c5 17. Ne2 Rd6 18. Ra3 Rhd8 19. 0-0 Kb8 20. h3 Rd2 21. Rc1 Qd6 22. Rb3 Ka8 23. Kf2 Qc6 24. a5 b5 25. Rd3 R8xd3 26. cxd3 Rxb2 27. Rxc5 Qd6 28. Rc1 Ra2 29. h4 Rxa5 30. g5 hxg5 31. hxg5 Nd7 32. Kg1 Ra3 33. Rd1 Qc5 34. Kf2 b4 35. Rc1 Qxe3+ 36. Kxe3 Kb8 37. Bh5 f6 38. Be8 Nb6 39. gxf6 gxf6 40. Ng3 a5 41. Bb5 Nc8 42. Nh5 Nd6 43. Nxf6 Nxb5 44. Nd7+ Ka7 45. Nxe5 Nd6 46. Kd4 Bc8 47. f6 Be6 48. Rc7+ Nb7 49. f7 Bxf7 50. Rxf7 Ra2 51. Nc4 Kb8 52. e5 b3 53. e6 Re2 54. e7 b2 55. Nxb2 Nd6 56. Rf6 Nc8 57. Nc4 Nxe7 58. Nxa5 Kc7 59. Nc4 Rh2 60. Ra6 Rh4+ 61. Kc5 Rh5+ 62. Kb4 Nd5+ 63. Kb3 Rh3 64. Ne5 Re3 65. Nc4 Rxd3+ 66. Kb2 1/2-1/2

[Event "Oberliga Nord W 1314"]
[Site "Germany"]
[Date "2014.01.19"]
[Round "5.1"]
[White "Braun, Vitali"]
[Black "Markert, Malte"]
[Result "1-0"]
[WhiteElo "2403"]
[BlackElo "2334"]
[PlyCount "91"]
[EventDate "2013.10.13"]
[EventType "team-tourn"]
[EventRounds "9"]
[EventCountry "GER"]
[SourceTitle "EXT 2015"]
[Source "ChessBase"]
[SourceDate "2014.11.20"]
[SourceVersion "1"]
[SourceVersionDate "2014.11.20"]
[SourceQuality "1"]
[WhiteTeam "Braunschweig"]
[BlackTeam "Delmenhorst"]
[WhiteTeamCountry "GER"]
[BlackTeamCountry "GER"]

1. d4 Nf6 2. c4 g6 3. Nc3 d5 4. Nf3 Bg7 5. Qb3 dxc4 6. Qxc4 0-0 7. e4 Nbd7 8. e5 Nb6 9. exf6 Nxc4 10. fxg7 Kxg7 11. Bxc4 Bg4 12. Be3 Bxf3 13. gxf3 c6 14. h4 h5 15. 0-0-0 e6 16. Ne4 Qa5 17. Rhg1 Qb4 18. Bd3 b6 19. Bd2 Qa4 20. Bc3 Kh6 21. Ng5 f5 22. Nxe6 Qxa2 23. Nxf8 Rxf8 24. Rde1 Qd5 25. Re3 Rf7 26. Be2 Qd6 27. Bc4 Re7 28. Rge1 Rxe3 29. fxe3 Qg3 30. e4 b5 31. Bf7 Kg7 32. Be8 Kf8 33. Bxc6 Qxf3 34. Bxb5 Qf4+ 35. Kb1 Qxh4 36. e5 Qe7 37. e6 h4 38. d5 h3 39. Be5 Qc5 40. e7+ Qxe7 41. d6 Qh4 42. Bc3 h2 43. Bc6 Qc4 44. d7 Qd3+ 45. Kc1 Kf7 46. Rd1 1-0